[Event "Ceske Budejovice op-A"]
[Site "Ceske Budejovice"]
[Date "2020.07.07"]
[Round "7"]
[White "Kotal, Vit"]
[Black "Stastny, Petr"]
[Result "1/2-1/2"]
[WhiteElo "1703"]
[BlackElo "1947"]
[PlyCount "48"]
[EventDate "2020.07.01"]
[EventType "swiss"]
[EventRounds "9"]
[EventCountry "CZE"]
[SourceTitle "CBM 197 Extra"]
[Source "ChessBase"]
[SourceDate "2020.09.30"]
[SourceVersion "1"]
[SourceVersionDate "2020.09.30"]
[SourceQuality "1"]

1. e4 c5 2. Nc3 Nc6 3. Bb5 Nd4 4. Nf3 Nxb5 5. Nxb5 g6 6. d4 Qa5+ 7. Nc3 Bg7 8. 0-0 cxd4 9. Nxd4 Nf6 10. Be3 d6 11. h3 h5 12. f4 0-0 13. Qd2 Qd8 14. f5 Bd7 15. Kh1 Rc8 16. Bh6 Rc4 17. Bxg7 Kxg7 18. Rae1 Qb6 19. Nb3 Qc7 20. Nd5 Nxd5 21. Qxd5 e6 22. f6+ Kh7 23. Qg5 Rh8 24. c3 e5 1/2-1/2

[Event "Teplice op 14th"]
[Site "Teplice"]
[Date "2019.06.15"]
[Round "1"]
[White "Erenberg, Ariel"]
[Black "Stastny, Petr"]
[Result "1-0"]
[WhiteElo "2434"]
[BlackElo "1991"]
[PlyCount "29"]
[EventDate "2019.06.15"]
[EventType "swiss"]
[EventRounds "9"]
[EventCountry "CZE"]
[SourceTitle "CBM 191 Extra"]
[Source "ChessBase"]
[SourceDate "2019.09.30"]
[SourceVersion "1"]
[SourceVersionDate "2019.09.30"]
[SourceQuality "1"]

1. d4 d5 2. c4 e6 3. Nc3 c6 4. Nf3 Nd7 5. e4 dxe4 6. Nxe4 Ngf6 7. Bd3 Nxe4 8. Bxe4 Bb4+ 9. Bd2 Qa5 10. 0-0 0-0 11. Bf4 Be7 12. Re1 Nf6 13. Bc2 Qh5 14. Re5 Qg4 15. Bg3 1-0

[Event "Teplice op 13th"]
[Site "Teplice"]
[Date "2018.06.16"]
[Round "1"]
[White "Stastny, Petr"]
[Black "Stocek, Jiri"]
[Result "0-1"]
[WhiteElo "2033"]
[BlackElo "2570"]
[PlyCount "86"]
[EventDate "2018.06.16"]
[EventType "swiss"]
[EventRounds "9"]
[EventCountry "CZE"]
[SourceTitle "CBM 185 Extra"]
[Source "ChessBase"]
[SourceDate "2018.07.29"]
[SourceVersion "1"]
[SourceVersionDate "2018.07.29"]
[SourceQuality "1"]

1. d4 Nf6 2. c4 c5 3. d5 b5 4. cxb5 a6 5. bxa6 g6 6. Nc3 Bg7 7. Nf3 0-0 8. e4 Qa5 9. Bd2 Bxa6 10. Bxa6 Qxa6 11. Qe2 e6 12. Qxa6 Nxa6 13. 0-0 Rfb8 14. Rab1 Rb7 15. Be3 Ng4 16. Bf4 Nb4 17. Bd6 Nd3 18. e5 Ngxe5 19. Nxe5 Nxe5 20. Bxc5 Nd3 21. Be3 Rxb2 22. Rxb2 Nxb2 23. Ne2 e5 24. Rc1 f5 25. g3 Nd3 26. Rc7 Rxa2 27. Nc1 Nxc1 28. Bxc1 Ra6 29. Bg5 Rd6 30. Rc5 Kf7 31. Ra5 Bf6 32. Be3 g5 33. f4 gxf4 34. gxf4 e4 35. Kf2 Bd8 36. Rb5 Ra6 37. Rb7 Rd6 38. Rb5 Bh4+ 39. Ke2 Be7 40. Ra5 Rh6 41. Ra7 Rxh2+ 42. Kf1 Rh3 43. Ke2 Rxe3+ 0-1

[Event "EU-ch U16 26th"]
[Site "Prague"]
[Date "2016.08.27"]
[Round "9.59"]
[White "Stastny, Petr"]
[Black "Jurasek, Vojtech"]
[Result "0-1"]
[WhiteElo "1476"]
[BlackElo "1859"]
[PlyCount "102"]
[EventDate "2016.08.18"]
[EventType "swiss"]
[EventRounds "9"]
[EventCountry "CZE"]
[SourceTitle "CBM 174 Extra"]
[Source "ChessBase"]
[SourceDate "2016.10.10"]
[SourceVersion "1"]
[SourceVersionDate "2016.10.10"]
[SourceQuality "1"]

1. e4 c5 2. Nf3 e6 3. d3 Qc7 4. g3 a6 5. a4 b6 6. Bg2 d6 7. 0-0 Bb7 8. Be3 Nd7 9. Nbd2 Ne7 10. Nh4 g6 11. f4 Bg7 12. c3 0-0-0 13. d4 Rhf8 14. b4 f5 15. Qe2 Kb8 16. a5 bxa5 17. bxa5 d5 18. e5 c4 19. Rfb1 Ka8 20. Nxc4 Qxc4 21. Qxc4 dxc4 22. Rxb7 Nd5 23. Rab1 Rb8 24. Rxb8+ Rxb8 25. Rxb8+ Nxb8 26. Bd2 Nc6 27. Nf3 Bh6 28. Ne1 Kb8 29. Nc2 Nxa5 30. Na3 Nb6 31. h3 Bf8 32. Bc1 Kc8 33. g4 Na4 34. Bf1 Nb3 35. Bxc4 Nxc1 36. Nb1 a5 37. gxf5 exf5 38. Bg8 Ne2+ 39. Kf1 Nxf4 40. Bxh7 Kd7 41. Kf2 Ke7 42. Kf3 Bh6 43. Bg8 Nxh3 44. Ba2 Bc1 45. d5 Bb2 46. d6+ Kd7 47. Bf7 Ng5+ 48. Kf4 Nxf7 49. Nd2 Bxc3 50. Nc4 Bxe5+ 51. Nxe5+ Nxe5 0-1

[Event "Teplice op 10th"]
[Site "Teplice"]
[Date "2015.06.18"]
[Round "6"]
[White "Stastny, Petr"]
[Black "Bartos, Jan"]
[Result "1/2-1/2"]
[WhiteElo "2080"]
[BlackElo "2233"]
[PlyCount "60"]
[EventDate "2015.06.13"]
[EventType "swiss"]
[EventRounds "9"]
[EventCountry "CZE"]
[SourceTitle "EXT 2017"]
[Source "ChessBase"]
[SourceDate "2016.10.25"]
[SourceVersion "1"]
[SourceVersionDate "2016.10.25"]
[SourceQuality "1"]

1. d4 d6 2. g3 g6 3. Bg2 Bg7 4. c4 e5 5. dxe5 dxe5 6. Qxd8+ Kxd8 7. Nc3 c6 8. Be3 Nd7 9. Rd1 Nh6 10. Ne4 Nf5 11. Bc5 Bf8 12. Nf3 Bxc5 13. Nxc5 f6 14. g4 Nd4 15. Nxd4 exd4 16. Rxd4 Ke7 17. Nxd7 Bxd7 18. Bf3 Rad8 19. e3 Be6 20. Rxd8 Rxd8 21. b3 a5 22. Ke2 a4 23. Rc1 a3 24. Rc3 Ra8 25. Kd2 Kd6 26. c5+ Ke5 27. Be2 g5 28. Kc2 Bd5 29. f3 Ra5 30. Kd2 Ra8 1/2-1/2

[Event "Teplice op 8th"]
[Site "Teplice"]
[Date "2013.06.20"]
[Round "6"]
[White "Stastny, Petr"]
[Black "Vavra, Pavel"]
[Result "0-1"]
[WhiteElo "2085"]
[BlackElo "2364"]
[PlyCount "80"]
[EventDate "2013.06.15"]
[EventType "swiss"]
[EventRounds "9"]
[EventCountry "CZE"]
[SourceTitle "CBM 155 Extra"]
[Source "ChessBase"]
[SourceDate "2013.08.26"]
[SourceVersion "1"]
[SourceVersionDate "2013.08.26"]
[SourceQuality "1"]

1. d4 e6 2. Nf3 f5 3. g3 b5 4. d5 Nf6 5. dxe6 dxe6 6. Qxd8+ Kxd8 7. Bg2 Bb7 8. 0-0 Bc5 9. Ne5 Bxg2 10. Kxg2 Ke7 11. Nd2 g5 12. Nd3 Bd6 13. c4 Nbd7 14. b4 c6 15. a4 a6 16. c5 Bc7 17. Nf3 e5 18. Nxg5 h6 19. Nh3 Nd5 20. axb5 axb5 21. Bxh6 Rxa1 22. Bg5+ Kf7 23. Rxa1 e4 24. Nc1 Nxb4 25. Ra7 Rc8 26. Bf4 Nd5 27. Nb3 Kf6 28. Bc1 b4 29. Nf4 Bxf4 30. Rxd7 Bxc1 31. Nxc1 Ke5 32. Nb3 Ra8 33. e3 Ra2 34. Kf1 Rc2 35. Nd4 Rxc5 36. h4 Rc1+ 37. Kg2 c5 38. Nxf5 Nf6 39. Rf7 Kxf5 40. g4+ Kg6 0-1

[Event "Teplice op 8th"]
[Site "Teplice"]
[Date "2013.06.19"]
[Round "5"]
[White "Mamedjarova, Zeinab"]
[Black "Stastny, Petr"]
[Result "0-1"]
[WhiteElo "2264"]
[BlackElo "2085"]
[PlyCount "70"]
[EventDate "2013.06.15"]
[EventType "swiss"]
[EventRounds "9"]
[EventCountry "CZE"]
[SourceTitle "CBM 155 Extra"]
[Source "ChessBase"]
[SourceDate "2013.08.26"]
[SourceVersion "1"]
[SourceVersionDate "2013.08.26"]
[SourceQuality "1"]

1. d4 d5 2. e3 Nf6 3. Bd3 Bg4 4. Nf3 e6 5. Nbd2 c5 6. c3 Nc6 7. 0-0 Be7 8. a4 a5 9. Qe1 0-0 10. Ne5 Nxe5 11. dxe5 Nd7 12. f4 c4 13. Bc2 Bh4 14. g3 Be7 15. Kg2 Qc7 16. h3 Bf5 17. Bxf5 exf5 18. Nf3 Nc5 19. Nd4 g6 20. g4 fxg4 21. hxg4 h6 22. Qg3 Ne4 23. Qh2 Qd7 24. e6 fxe6 25. Qxh6 Rf7 26. Rh1 Rg7 27. Qh8+ Kf7 28. Qxa8 e5 29. Kf3 exd4 30. exd4 Nf6 31. Rh4 Qe6 32. Be3 Qe4+ 33. Kf2 Qc2+ 34. Kf1 Qd3+ 35. Kf2 Ne4+ 0-1

[Event "Teplice op 8th"]
[Site "Teplice"]
[Date "2013.06.17"]
[Round "3"]
[White "Jacobsen, Bo"]
[Black "Stastny, Petr"]
[Result "1-0"]
[WhiteElo "2312"]
[BlackElo "2085"]
[PlyCount "37"]
[EventDate "2013.06.15"]
[EventType "swiss"]
[EventRounds "9"]
[EventCountry "CZE"]
[SourceTitle "CBM 155 Extra"]
[Source "ChessBase"]
[SourceDate "2013.08.26"]
[SourceVersion "1"]
[SourceVersionDate "2013.08.26"]
[SourceQuality "1"]

1. c4 e5 2. g3 Nf6 3. Bg2 d5 4. cxd5 Nxd5 5. Nf3 Nc6 6. 0-0 Be7 7. d4 e4 8. Ne5 f5 9. Nxc6 bxc6 10. Qa4 Bd7 11. Nc3 c5 12. Qb3 Nb6 13. dxc5 Bxc5 14. Bf4 Qe7 15. Nb5 0-0-0 16. Nxc7 Rhe8 17. Rac1 Kb7 18. Rfd1 Be6 19. Bd6 1-0

[Event "Teplice op 8th"]
[Site "Teplice"]
[Date "2013.06.16"]
[Round "2"]
[White "Stastny, Petr"]
[Black "Plischki, Sebastian"]
[Result "1/2-1/2"]
[WhiteElo "2085"]
[BlackElo "2386"]
[PlyCount "109"]
[EventDate "2013.06.15"]
[EventType "swiss"]
[EventRounds "9"]
[EventCountry "CZE"]
[SourceTitle "CBM 155 Extra"]
[Source "ChessBase"]
[SourceDate "2013.08.26"]
[SourceVersion "1"]
[SourceVersionDate "2013.08.26"]
[SourceQuality "1"]

1. d4 Nf6 2. c4 g6 3. Nc3 d5 4. Qb3 dxc4 5. Qxc4 Bg7 6. e4 0-0 7. Nf3 Na6 8. Be2 c5 9. d5 e6 10. 0-0 exd5 11. exd5 Bf5 12. Bg5 h6 13. Bh4 Qb6 14. Qb5 Qxb5 15. Bxb5 Nc7 16. Bc4 Rfd8 17. Rad1 Nce8 18. Ne5 Nd6 19. Be2 g5 20. Bg3 Nfe4 21. Nxe4 Nxe4 22. f4 gxf4 23. Bxf4 Re8 24. Ng4 Bxg4 25. Bxg4 Rad8 26. Bc7 Bd4+ 27. Rxd4 cxd4 28. Bxd8 Rxd8 29. Rf4 Nd6 30. Rxd4 f5 31. Bf3 Kg7 32. Kf2 Kf6 33. b3 Re8 34. Rd2 Re7 35. Kg3 Re8 36. Kf4 Re7 37. h4 Re8 38. h5 Re7 39. Rc2 Nf7 40. Rc8 Ne5 41. Rf8+ Rf7 42. Rxf7+ Nxf7 43. Bd1 Nd6 44. Bc2 a5 45. a4 b5 46. Bd3 bxa4 47. bxa4 Nc8 48. Bb5 Nb6 49. d6 Nd5+ 50. Kf3 Ke6 51. d7 Ke7 52. Bc6 Nb4 53. Bb5 Nd5 54. Bc6 Nb4 55. Bb5 1/2-1/2

[Event "CZE-chT2A 1213"]
[Site "Czech Republic"]
[Date "2013.03.24"]
[Round "11.5"]
[White "Turner, Radek"]
[Black "Stastny, Petr"]
[Result "0-1"]
[WhiteElo "2099"]
[BlackElo "2075"]
[PlyCount "102"]
[EventDate "2012.10.14"]
[EventType "team-tourn"]
[EventRounds "11"]
[EventCountry "CZE"]
[SourceTitle "EXT 2015"]
[Source "ChessBase"]
[SourceDate "2014.11.20"]
[SourceVersion "1"]
[SourceVersionDate "2014.11.20"]
[SourceQuality "1"]
[WhiteTeam "Kozolupy"]
[BlackTeam "Teplice"]
[WhiteTeamCountry "CZE"]
[BlackTeamCountry "CZE"]

1. c4 e5 2. g3 Nf6 3. Bg2 d5 4. cxd5 Nxd5 5. Nf3 Nc6 6. 0-0 Be7 7. d4 e4 8. Ne5 f5 9. f3 Nxe5 10. dxe5 exf3 11. exf3 c6 12. Nc3 Be6 13. Nxd5 Bxd5 14. Qc2 Qb6+ 15. Kh1 0-0 16. f4 Rad8 17. Bxd5+ Rxd5 18. Bd2 Rfd8 19. Bc3 Rd3 20. Rad1 Qb5 21. Rxd3 Rxd3 22. Qb3+ Qxb3 23. axb3 Kf7 24. Ra1 Bc5 25. Kg2 Ke6 26. h3 h5 27. Re1 g6 28. Ra1 b5 29. b4 Bb6 30. Re1 c5 31. bxc5 Bxc5 32. Re2 b4 33. Be1 a5 34. Rc2 Kd5 35. Kf1 b3 36. Rd2 Rxd2 37. Bxd2 Bd4 38. Bc1 Ke4 39. Ke2 a4 40. h4 Bc5 41. Kd2 Kf3 42. Kd3 Kxg3 43. Kc4 Be7 44. Be3 a3 45. Kxb3 axb2 46. Kxb2 Kf3 47. Bd2 Bxh4 48. Kc3 Be7 49. Kd4 h4 50. Kd5 h3 51. Ke6 Ba3 0-1

[Event "CZE-chT2A 1213"]
[Site "Czech Republic"]
[Date "2012.11.18"]
[Round "3.6"]
[White "Musil, Miroslav"]
[Black "Stastny, Petr"]
[Result "1/2-1/2"]
[WhiteElo "1954"]
[BlackElo "2075"]
[PlyCount "72"]
[EventDate "2012.10.14"]
[EventType "team-tourn"]
[EventRounds "11"]
[EventCountry "CZE"]
[SourceTitle "EXT 2015"]
[Source "ChessBase"]
[SourceDate "2014.11.20"]
[SourceVersion "1"]
[SourceVersionDate "2014.11.20"]
[SourceQuality "1"]
[WhiteTeam "Karlovy Vary II"]
[BlackTeam "Teplice"]
[WhiteTeamCountry "CZE"]
[BlackTeamCountry "CZE"]

1. e4 c5 2. Nf3 Nc6 3. d4 cxd4 4. Nxd4 Nf6 5. Nc3 e5 6. Nde2 Bc5 7. Ng3 d6 8. Na4 Be6 9. Nxc5 Qa5+ 10. Bd2 Qxc5 11. Bd3 d5 12. 0-0 0-0 13. c3 Rad8 14. Qc2 dxe4 15. Nxe4 Nxe4 16. Bxe4 f5 17. Be3 Qc4 18. Bxc6 Qxc6 19. f3 Rd7 20. Rfd1 Rfd8 21. Rxd7 Rxd7 22. Rd1 Rxd1+ 23. Qxd1 a6 24. a3 b5 25. h4 Bd5 26. Kh2 Kf7 27. Qd2 Qc4 28. Bb6 Qxh4+ 29. Kg1 Ke6 30. Qe3 Qg3 31. Bc7 Bc4 32. Qc5 Qe1+ 33. Kh2 Qh4+ 34. Kg1 Qe1+ 35. Kh2 Qh4+ 36. Kg1 Qe1+ 1/2-1/2

[Event "Teplice op 7th"]
[Site "Teplice"]
[Date "2012.06.21"]
[Round "6"]
[White "Stastny, Petr"]
[Black "Kratochvil, Josef"]
[Result "0-1"]
[WhiteElo "2075"]
[BlackElo "2231"]
[PlyCount "80"]
[EventDate "2012.06.16"]
[EventType "swiss"]
[EventRounds "9"]
[EventCountry "CZE"]
[SourceTitle "CBM 149 Extra"]
[Source "ChessBase"]
[SourceDate "2012.08.24"]
[SourceVersion "1"]
[SourceVersionDate "2012.08.24"]
[SourceQuality "1"]

1. d4 Nf6 2. c4 c5 3. d5 e6 4. Nc3 exd5 5. cxd5 d6 6. e4 g6 7. f4 Bg7 8. Nf3 0-0 9. Be2 Re8 10. Nd2 Na6 11. 0-0 Nc7 12. a4 Rb8 13. Bf3 a6 14. e5 dxe5 15. fxe5 Nfxd5 16. Nxd5 Nxd5 17. Ne4 Be6 18. Ra3 b5 19. axb5 axb5 20. Nd6 Bxe5 21. Nxe8 Bd4+ 22. Kh1 Qxe8 23. Rd3 Qc8 24. Bh6 Ne7 25. b3 Qd7 26. Re1 Nf5 27. Bf4 Rd8 28. Bg5 Rc8 29. Bf6 Qc7 30. Rxd4 cxd4 31. g4 Ne3 32. Qxd4 Nc2 33. Qd2 Kf8 34. Qh6+ Ke8 35. Rd1 Nb4 36. Qxh7 Nd5 37. Re1 Nxf6 38. Rxe6+ fxe6 39. Qxg6+ Qf7 40. Qg5 Nd5 0-1

[Event "Teplice op 7th"]
[Site "Teplice"]
[Date "2012.06.20"]
[Round "5"]
[White "Stastny, Petr"]
[Black "Hanl, Frantisek"]
[Result "1-0"]
[WhiteElo "2075"]
[BlackElo "1928"]
[PlyCount "45"]
[EventDate "2012.06.16"]
[EventType "swiss"]
[EventRounds "9"]
[EventCountry "CZE"]
[SourceTitle "CBM 149 Extra"]
[Source "ChessBase"]
[SourceDate "2012.08.24"]
[SourceVersion "1"]
[SourceVersionDate "2012.08.24"]
[SourceQuality "1"]

1. d4 Nf6 2. Nf3 g6 3. g3 Bg7 4. Bg2 d5 5. c4 0-0 6. cxd5 Nxd5 7. e4 Nb6 8. 0-0 Bg4 9. Be3 c5 10. e5 cxd4 11. Qxd4 Nc6 12. Qxg4 Qd3 13. Nc3 Nc4 14. Rad1 Nxe3 15. fxe3 Qxe3+ 16. Kh1 Rad8 17. Rde1 Qb6 18. Re2 Rd3 19. Qc4 Rfd8 20. Ng5 e6 21. Bxc6 bxc6 22. Nxf7 R8d7 23. Qxe6 1-0

[Event "Teplice op 7th"]
[Site "Teplice"]
[Date "2012.06.19"]
[Round "4"]
[White "Kantorik, Marian"]
[Black "Stastny, Petr"]
[Result "1-0"]
[WhiteElo "2305"]
[BlackElo "2075"]
[PlyCount "61"]
[EventDate "2012.06.16"]
[EventType "swiss"]
[EventRounds "9"]
[EventCountry "CZE"]
[SourceTitle "CBM 149 Extra"]
[Source "ChessBase"]
[SourceDate "2012.08.24"]
[SourceVersion "1"]
[SourceVersionDate "2012.08.24"]
[SourceQuality "1"]

1. d4 Nf6 2. c4 e6 3. Nc3 Bb4 4. f3 d5 5. a3 Bxc3+ 6. bxc3 0-0 7. cxd5 exd5 8. e3 c5 9. Bd3 b6 10. Ne2 Nc6 11. 0-0 Re8 12. Ng3 Bb7 13. Re1 cxd4 14. cxd4 Na5 15. Bb2 Nc4 16. Bxc4 dxc4 17. e4 Rc8 18. Bc3 Qc7 19. d5 Nd7 20. Nf5 Ne5 21. d6 Qd7 22. f4 Ng6 23. Qg4 Rcd8 24. Ne7+ Kf8 25. f5 f6 26. Rad1 a5 27. e5 Nxe7 28. dxe7+ Qxe7 29. exf6 Qc5+ 30. Kh1 Rxe1+ 31. Bxe1 1-0

[Event "CZE-chT2B 1112"]
[Site "Czech Republic"]
[Date "2011.12.04"]
[Round "4.7"]
[White "Zahorbensky, Jaroslav"]
[Black "Stastny, Petr"]
[Result "1-0"]
[WhiteElo "2128"]
[BlackElo "2072"]
[PlyCount "107"]
[EventDate "2011.10.09"]
[EventType "team-tourn"]
[EventRounds "11"]
[EventCountry "CZE"]
[SourceTitle "EXT 2013"]
[Source "ChessBase"]
[SourceDate "2012.11.22"]
[SourceVersion "1"]
[SourceVersionDate "2012.11.22"]
[SourceQuality "1"]
[WhiteTeam "Neratovice"]
[BlackTeam "Teplice"]
[WhiteTeamCountry "CZE"]
[BlackTeamCountry "CZE"]

1. e4 c5 2. Nf3 Nc6 3. Bb5 g6 4. 0-0 Bg7 5. c3 Nf6 6. Re1 0-0 7. a4 a6 8. Bxc6 bxc6 9. a5 d5 10. e5 Ne8 11. Qa4 Rb8 12. Na3 Nc7 13. Qxc6 Ne6 14. d4 c4 15. Bd2 Rb3 16. Reb1 Bb7 17. Qa4 Qc7 18. Nc2 f6 19. exf6 Rxf6 20. Nce1 Bc6 21. Qa2 Rf5 22. Be3 Nf4 23. Nd2 Rb8 24. Nef3 Bd7 25. Qa3 Nd3 26. b3 Bb5 27. bxc4 dxc4 28. Ne4 h6 29. Qa2 Rbf8 30. Ne1 Nf4 31. Ng3 R5f7 32. Rd1 Nd5 33. Qd2 Kh7 34. Nc2 Bc6 35. f3 g5 36. Ne4 Nf4 37. Bxf4 Rxf4 38. d5 Rd8 39. Nb4 Bb7 40. h3 Qe5 41. Qc2 Kg8 42. Nc6 Bxc6 43. dxc6 Rff8 44. Qa4 Qe6 45. Rd7 Rxd7 46. cxd7 Rd8 47. Rd1 Be5 48. Nc5 Qf7 49. Nb7 Qf4 50. Nxd8 Qh2+ 51. Kf2 Bg3+ 52. Ke3 Be5 53. Qxc4+ Kh7 54. Qe4+ 1-0